La música inglesa /

Guardado en:
Autor Principal: Turner, W. J.
Formato: Libro
Publicado: Buenos Aires : Espasa-calpe, 0
Materias:
Etiquetas: Agregar Etiqueta
Sin Etiquetas, Sea el primero en etiquetar este registro!
LEADER 00477nam a22001815a 4500
001 CEM.cems006335
005 20060214000000.0
008 130507b######################000#0#####d
003 CEMS
082 0 4 |a 942.780 
100 1 |a Turner, W. J. 
245 1 0 |a La música inglesa / 
260 |a Buenos Aires :  |b Espasa-calpe, 0 
300 |a 48 p. 
653 |a Historia 
653 |a Historia de europa 
653 |a Londres 
859 |a CEMS  |b BIB. CEMS - 11 de abril  |h 942.780  |i T859  |p 10050.81  |t Ej.1